000 00272nas a2200121 4500
005 20211102115606.0
008 211102b ||||| |||| 00| 0 eng d
022 _a0971-2321
040 _c
245 _aThe Quest
260 _aSarita Sinha
_bDec 2019
942 _2ddc
_cPR
999 _c220331
_d220331